Antibiotics: (Record no. 36982)
[ view plain ]
| 000 -LEADER | |
|---|---|
| fixed length control field | 00462nam a22001457a 4500 |
| 008 - FIXED-LENGTH DATA ELEMENTS--GENERAL INFORMATION | |
| fixed length control field | 230531b |||||||| |||| 00| 0 eng d |
| 040 ## - CATALOGING SOURCE | |
| Original cataloging agency | National Science Library |
| Transcribing agency | National Science Library |
| 080 ## - UNIVERSAL DECIMAL CLASSIFICATION NUMBER | |
| Universal Decimal Classification number | 615.779 |
| Item number | J8 |
| 245 ## - TITLE STATEMENT | |
| Title | Antibiotics: |
| Remainder of title | Their production utilization and mode of action |
| 260 ## - PUBLICATION, DISTRIBUTION, ETC. | |
| Place of publication, distribution, etc. | New Delhi: |
| Name of publisher, distributor, etc. | Council of Scientific & Industrial Research, |
| Date of publication, distribution, etc. | 1958 |
| 300 ## - PHYSICAL DESCRIPTION | |
| Extent | 292p. |
| 650 ## - SUBJECT ADDED ENTRY--TOPICAL TERM | |
| Topical term or geographic name entry element | Production |
| 653 ## - INDEX TERM--UNCONTROLLED | |
| Uncontrolled term | Action |
| 942 ## - ADDED ENTRY ELEMENTS (KOHA) | |
| Source of classification or shelving scheme | Universal Decimal Classification |
| Koha item type | Books |
| Withdrawn status | Lost status | Source of classification or shelving scheme | Damaged status | Not for loan | Home library | Current library | Shelving location | Date acquired | Total Checkouts | Full call number | Barcode | Date last seen | Price effective from | Koha item type |
|---|---|---|---|---|---|---|---|---|---|---|---|---|---|---|
| Universal Decimal Classification | National Science Library | National Science Library | GF/Rk-12/C-2/R-1 | 31/05/2023 | 615.779 J8 | 187573 | 31/05/2023 | 31/05/2023 | Books | |||||
| Universal Decimal Classification | National Science Library | National Science Library | GF/Rk-12/C-2/R-1 | 31/05/2023 | 615.779(082.2) J8-;1 | 65635 | 31/05/2023 | 31/05/2023 | Books | |||||
| Universal Decimal Classification | National Science Library | National Science Library | GF/Rk-12/C-2/R-1 | 31/05/2023 | 615.779(082.2) J8 | 10206 | 31/05/2023 | 31/05/2023 | Books | |||||
| Universal Decimal Classification | National Science Library | National Science Library | GF/Rk-12/C-2/R-1 | 31/05/2023 | 615.779(082.2) J8 | 187718 | 31/05/2023 | 31/05/2023 | Books |